000 01030nam a2200241Ia 4500
999 _c36939
_d36939
001 2890
003 GE_BSU
005 20221102095818.0
008 181216s1996ru xx |||||||||||||| ||rus||
020 _a5864760838
040 _cGE_BSU
041 _arus
080 _a368+33 Э-40
245 _aЭкономика страхования и перестрахования /
_c Р.Т. Юлдашев , науч.ред. К.Е. Турбина, ред. В.И. Осипов
264 _aМосква :
_bАНКИЛ,
_c1996.
300 _a224 с .:
_b20 см.
653 _aЭкономика страхования и перестрахования
653 _aდაზღვევის და გადაზღვევის ეკონომიკა
700 _aЮлдашев, Р.Т.
_eრედაქტორი
_915703
700 _aТурбина, К.Е.
_eსამეცნიერო რედაქტორი
_915704
700 _aОсипов, В.И.
_eრედაქტორი
_915705
942 _cBK
_2udc